000 00480nam a22001697a 4500
003 OSt
005 20151105110240.0
008 140429b xxu||||| |||| 00| 0 eng d
020 _a9781921888502
050 _aPZ 8
_b.Sp756gg 2011
100 _aSpillman, Ken
245 _aJake's great game /
_cby Ken Spillman ; illustrated by Chris Nixon
260 _aChina :
_bFremantle Press,
_c2011.
300 _a1 v. (unpaged) :
_bill. ;
_c20 cm.
942 _2lcc
_cBK
999 _c115556
_d115556